000 01041nam a22002537a 4500
005 20110913152830.0
008 110913t xxu||||| |||| 00| 0 mar d
010 _aMAR-21388
020 _c100.00
035 _aMR-14046
037 _bDBAD/PUB
040 _aDPL
_bMR
082 _a891.463
100 _934729
_aलोपीस,फ्रान्सीस
245 _aवचन /
_cफ्रान्सीस लोपीस
246 _aVachan
_bby Francis Lopees
260 _aवसई
_bइमा प्रकाशन
_c2009
270 _bवसई
_aनानभाट,नालासोपारा ( पश्चिम),
300 _a122पृ.
_c21सेमी(अजिल्द)
650 _aमराठी कादंबरी
_934825
650 _aMarathi Fiction
_934826
942 _2ddc
_cMR
_mलोपीस
_h891.463
999 _c57069
_d57069